Using the oral discourse analysis to improve the semantic morphological, syntactic, phonological, and pragmatic proficiencies of EFL prospespective teachers and their linguistic awareness / (رقم التسجيلة. 70695)
[ عرض عادي ]
| 000 -LEADER | |
|---|---|
| fixed length control field | 01506cam a2200289 a 4500 |
| 003 - CONTROL NUMBER IDENTIFIER | |
| control field | EG-GiCUC |
| 005 - DATE AND TIME OF LATEST TRANSACTION | |
| control field | 20250223032222.0 |
| 008 - FIXED-LENGTH DATA ELEMENTS--GENERAL INFORMATION | |
| fixed length control field | 190306s2018 ua f m 000 0 eng d |
| 040 ## - CATALOGING SOURCE | |
| Original cataloging agency | EG-GiCUC |
| Language of cataloging | eng |
| Transcribing agency | EG-GiCUC |
| 041 0# - LANGUAGE CODE | |
| Language code of text/sound track or separate title | eng |
| 049 ## - LOCAL HOLDINGS (OCLC) | |
| Holding library | Gift |
| 097 ## - Thesis Degree | |
| Thesis Level | Ph.D |
| 099 ## - LOCAL FREE-TEXT CALL NUMBER (OCLC) | |
| Classification number | Cai01.34.Ph.D.2018.Am.U |
| 100 0# - MAIN ENTRY--PERSONAL NAME | |
| Personal name | Amal Mansour Abdulallah |
| 245 10 - TITLE STATEMENT | |
| Title | Using the oral discourse analysis to improve the semantic morphological, syntactic, phonological, and pragmatic proficiencies of EFL prospespective teachers and their linguistic awareness / |
| Statement of responsibility, etc. | Amal Mansour Abdulallah ; Supervised Bahaa Eldeen Elnagaar , Azaa Hamdy Almarsafi , Mona Salah Abdulallah |
| 246 15 - VARYING FORM OF TITLE | |
| Title proper/short title | إستخدام تحليل الخطاب الشفهى لتنمية الكفاءات الدلالية الصرفية: النحوية : الفونولوجية : والبراجماتية والوعى اللغوى لدى الطلاب المعلمين بشعبة اللغة الإنجليزية |
| 260 ## - PUBLICATION, DISTRIBUTION, ETC. | |
| Place of publication, distribution, etc. | Elsharkya : |
| Name of publisher, distributor, etc. | Amal Mansour Abdulallah , |
| Date of publication, distribution, etc. | 2018 |
| 300 ## - PHYSICAL DESCRIPTION | |
| Extent | 213 P. ; |
| Dimensions | 30cm |
| 502 ## - DISSERTATION NOTE | |
| Dissertation note | Thesis (Ph.D.) - Zagazig University - Faculty of Specific Education - Department of Educational Psychology Curriculum and Instruction (TEFL) |
| 700 0# - ADDED ENTRY--PERSONAL NAME | |
| Personal name | Azaa Hamdy Almarsafi , |
| Relator term | |
| 700 0# - ADDED ENTRY--PERSONAL NAME | |
| Personal name | Bahaa Eldeen Elnagaar , |
| Relator term | |
| 700 0# - ADDED ENTRY--PERSONAL NAME | |
| Personal name | Mona Salah Abdulallah , |
| Relator term | |
| 856 ## - ELECTRONIC LOCATION AND ACCESS | |
| Uniform Resource Identifier | <a href="http://172.23.153.220/th.pdf">http://172.23.153.220/th.pdf</a> |
| 905 ## - LOCAL DATA ELEMENT E, LDE (RLIN) | |
| Cataloger | Nazla |
| Reviser | Revisor |
| 905 ## - LOCAL DATA ELEMENT E, LDE (RLIN) | |
| Cataloger | Shimaa |
| Reviser | Cataloger |
| 942 ## - ADDED ENTRY ELEMENTS (KOHA) | |
| Source of classification or shelving scheme | Dewey Decimal Classification |
| Koha item type | Thesis |
| Source of classification or shelving scheme | Not for loan | Home library | Current library | Date acquired | Full call number | Barcode | Date last seen | Koha item type |
|---|---|---|---|---|---|---|---|---|
| Dewey Decimal Classification | المكتبة المركزبة الجديدة - جامعة القاهرة | قاعة الرسائل الجامعية - الدور الاول | 11.02.2024 | Cai01.34.Ph.D.2018.Am.U | 01010110077315000 | 22.09.2023 | Thesis |